Médaillés français aux JO d’hiver 2026 - Statistiques

Statistiques générales
  • Ce quiz a été pris 65 fois
  • Le résultat moyen est 31 sur 38
Statistiques - réponses
Epreuve % Correct
Julia Simon
100%
Biathlon15 km individuel femmes Julia Simon
100%
Julia Simon
100%
Biathlon12,5 km départ groupé femmes Julia Simon
100%
Quentin Fillon-Maillet
100%
Biathlon 10 km sprint hommes Quentin Fillon-Maillet
100%
Quentin Fillon-Maillet
100%
Biathlon 15 km départ groupé hommes Quentin Fillon-Maillet
100%
Lou Jeanmonnot
94%
Lou Jeanmonnot
94%
Biathlon15 km individuel femmes Lou Jeanmonnot
94%
Biathlon 7,5 km sprint femmes Lou Jeanmonnot
94%
Émilien Jacquelin
92%
Biathlon12,5 km poursuite hommes Émilien Jacquelin
92%
Océane Michelon
92%
Biathlon12,5 km départ groupé femmes Océane Michelon
92%
Biathlon 7,5 km sprint femmes Océane Michelon
92%
BiathlonRelais mixte 4 x 6 km Éric Perrot
91%
Éric Perrot
91%
Biathlon20 km individuel hommes Éric Perrot
91%
Biathlon Relais femmes 4 x 6 km Camille Bened
81%
Patinage artistiqueDanse sur glace Guillaume Cizeron
81%
BiathlonRelais hommes 4 x 7,5 km Fabien Claude
79%
Ski de fondSkiathlon 10 km + 10 km hommes Mathis Desloges
77%
Ski de fond Individuel 10 km libre hommes Mathis Desloges
77%
Mathis Desloges
77%
Ski acrobatique Bosses femmes Perrine Laffont
77%
Ski alpinisme Relais mixte Emily Harrop
74%
Ski alpinismeSprint femmes Emily Harrop
74%
Laurence Fournier-Beaudry
70%
Ski aplinSuper-G femmes Romane Miradoli
64%
Hugo Lapalus
60%
Thibault Anselmet
60%
Ski alpinisme Sprint hommes Thibault Anselmet
60%
Léa Casta
55%
SnowboardSnowboard cross par équipes mixtes Loan Bozzolo
45%
Ski de fondRelais 4 x 7,5 km hommes Théo Schely
42%
Victor Lovera
42%
Aucun quiz correspondant
Distribution des résultats
% des personnes avec chaque résultat
Percentile par nombre de réponses
Votre historique - résultats
Vous n’avez pas pris ce quiz